| 000 | 01128nam a22002297a 4500 | ||
|---|---|---|---|
| 001 | 121548 | ||
| 008 | 230622s2022 xxk|||||o|||| 00| 0 eng d | ||
| 041 | _aeng | ||
| 110 | _aRoyal Institution of Chartered Surveyors | ||
| 245 |
_aHome extensions and improvements _bA clear impartial guide _h[Electronic resource] |
||
| 260 |
_aLondon, _bRoyal Institution of Chartered Surveyors, _c11 April 2022 |
||
| 300 | _a16p. | ||
| 490 | _aRICS Consumer Guide | ||
| 520 | _aThe following guide has been written by RICS and offers advice to homeowners considering developments to their home. It is also useful for those looking to improve their property before putting it on the market and homebuyers planning to take on a property with a view to developing it. | ||
| 650 | _aHOME EXTENSIONS | ||
| 650 | _aRESIDENTIAL PROPERTY | ||
| 651 | _aUnited Kingdom | ||
| 690 |
_96266 _aResidential property |
||
| 710 | _aRoyal Institution of Chartered Surveyors | ||
| 856 |
_uhttps://www.ricsfirms.com/residential/improvements/extensions/rics-consumer-guide-home-extensions/ _zAvailable on rics.org/consumerguides |
||
| 942 | _n0 | ||
| 999 |
_c121548 _d121548 |
||